Name the members of Seventeen in age order - Statistics

General Stats
  • This quiz has been taken 543 times
  • The average score is 22 of 26
Answer Stats
Answer % Correct
Scoups
100%
Jeonghan
99%
Joshua
97%
Jun
96%
Hoshi
95%
Dino
94%
Wonwoo
94%
Woozi
94%
Mingyu
93%
Vernon
93%
DK
92%
Seungkwan
91%
The8
91%
Yoon Jeong Han
83%
Choi Seung cheol
80%
Jeon Won Woo
76%
Joshua Hong
76%
Wen Junhui
76%
Kim Min Gyu
75%
Boo Seung Kwan
73%
Xu Ming Hao
72%
Lee Ji Hoon
70%
Lee Seok Min
70%
Kwon Soon Young
69%
Lee Chan
69%
Hansol Vernon/ Choi Han Sol
67%
No matching quizzes found
Score Distribution
Percent of People with Each Score
Percentile by Number Answered
Your Score History
You have not taken this quiz